Countries of Asia by second-largest city - Statistics

General Stats
  • This quiz has been taken 20 times
  • The average score is 21 of 47
Answer Stats
Hint Answer % Correct
Pakistan Lahore
100%
China Beijing
95%
India Delhi
95%
Saudi Arabia Jeddah
95%
Kazakhstan Nur-Sultan
95%
Turkey Ankara
90%
South Korea Busan
90%
Syria Damascus
90%
Vietnam Hanoi
90%
Israel Tel Aviv
90%
United Arab Emirates Abu Dhabi
85%
Japan Yokohama
85%
Philippines Manila
80%
Iraq Basra
75%
Bangladesh Chittagong
75%
Indonesia Surabaya
75%
Yemen Aden
70%
Afghanistan Kandahar
65%
Iran Mashhad
60%
Georgia Batumi
55%
Cyprus Limassol
55%
Myanmar Mandalay
45%
Sri Lanka Sri Jayawardenepura Kotte
40%
Lebanon Tripoli
40%
Nepal Pokhara
30%
Armenia Gyumri
25%
Kyrgyzstan Osh
25%
Cambodia Siem Reap
25%
North Korea Hamhung
20%
Taiwan Taichung
20%
Turkmenistan Türkmenabat
20%
Mongolia Erdenet
10%
Uzbekistan Namangan
10%
Laos Pakse
10%
Oman Seeb
10%
Jordan Zarqa
10%
Maldives Fuvahmulah
5%
Tajikistan Khujand
5%
Brunei Kuala Belait
5%
East Timor Maliana
5%
Azerbaijan Sumgait
5%
Qatar Al Wakrah
0%
Kuwait Hawalli
0%
Thailand Nonthaburi
0%
Bhutan Phuntsholing
0%
Bahrain Rifa
0%
Malaysia Seberang Perai
0%
No matching quizzes found
Score Distribution
Percent of People with Each Score
Percentile by Number Answered
Your Score History
You have not taken this quiz